|
|
|
|
| LEADER |
00000cam a2200000 7i4500 |
| 001 |
0000001775 |
| 005 |
20011119.0 |
| 090 |
0 |
0 |
|a 338.17498
|b BRI 1978
|
| 100 |
1 |
0 |
|a BRIGGS
|h D. G.
|
| 245 |
1 |
0 |
|a Tropical forest utilization system VII :
|b utilmodel - a computer program for simulating tropical forest utilization systems
|c D. G. Briggs
|
| 260 |
0 |
0 |
|a Seattle, Washington :
|b Institute of Forest Products ,
|c 1978
|
| 300 |
|
|
|a 42 p. :
|b ill. ;
|c 28 cm.
|
| 500 |
0 |
0 |
|a Bibliography : no. 32
|
| 650 |
0 |
0 |
|a Forest products industry
|
| 650 |
0 |
0 |
|a Forests and forestry
|
| 998 |
|
|
|a JPSM
|
| 999 |
|
|
|a 0000002756
|b Monograph
|c Open Shelf
|e Default branch
|